| 000 | 01025nam a2200313Ia 4500 | ||
|---|---|---|---|
| 003 | IN-BaIIA | ||
| 008 | 211028s9999 xx s 000 0 eng d | ||
| 020 | _a978-1-4614-0940-3 (Print) | ||
| 020 | _a978-1-4614-0941-0 (Online) | ||
| 022 | _a1431-9756 (Print) | ||
| 022 | _a2197-6562 (Online) | ||
| 040 | _cIIA Library | ||
| 100 |
_aHandy, Richard _939473 |
||
| 245 | 0 |
_aSketching the Moon _h[eBook] |
|
| 260 |
_aNew York _bSpringer New York _c2012 |
||
| 300 | _aOnline resource | ||
| 490 | _aThe Patrick Moore Practical Astronomy Series | ||
| 650 |
_a Astronomy, Observations and Techniques _932107 |
||
| 650 |
_a Creativity and Arts Education _939474 |
||
| 650 |
_a Fine Arts _939475 |
||
| 650 |
_a Popular Science in Astronomy _935908 |
||
| 650 |
_aPhysics _973 |
||
| 700 |
_a Erika Rix _939476 |
||
| 700 |
_a Sally Russell _939477 |
||
| 700 |
_aKelleghan, Deirdre _939478 |
||
| 700 |
_aMcCague, Thomas _939479 |
||
| 856 |
_uhttp://doi.org/10.1007/978-1-4614-0941-0 _yClick Here to Access eBook |
||
| 942 | _cEB | ||
| 999 |
_c21325 _d21325 |
||